[Event "1'  ELPI Chess"]
[Site "?"]
[Date "2022.01.30"]
[Round "4"]
[White "Gattafoni, Alessio"]
[Black "Guglielmi, Dante"]
[Result "1-0"]
[WhiteElo "2091"]
[BlackElo "1693"]
[PlyCount "75"]
[EventDate "2022.01.08"]
[SourceDate "2022.02.01"]

1. Nf3 Nf6 2. g3 g6 3. Bg2 Bg7 4. O-O O-O 5. d4 d5 6. c3 Nbd7 7. Ne5 c6 8. c4
dxc4 9. Nxc4 Nb6 10. Na5 Nbd5 11. Nb3 Re8 12. e4 Nc7 13. Nc3 e6 14. Bg5 h6 15.
Be3 a6 16. a4 b6 17. a5 b5 18. h3 Bb7 19. Rc1 Qb8 20. Qd2 Kh7 21. Na2 Rd8 22.
Nb4 Nfe8 23. Nxc6 Bxc6 24. Rxc6 Nd6 25. Bf4 e5 26. Qc2 Nc4 27. Bxe5 Bxe5 28.
dxe5 Ne6 29. Rd1 Qb7 30. Rcd6 Nxd6 31. exd6 Rac8 32. Qe2 Qc6 33. e5 Qc2 34.
Qxc2 Rxc2 35. Bd5 Re2 36. Bxe6 fxe6 37. Nd4 Rxe5 38. Nc6 1-0